[Event "Oberliga NRW 2122"]
[Site "Germany"]
[Date "2022.03.13"]
[Round "7.7"]
[White "Homs, Guust"]
[Black "Kolkin, Michail"]
[Result "1/2-1/2"]
[WhiteElo "2185"]
[BlackElo "2312"]
[PlyCount "33"]
[EventDate "2021.10.31"]
[EventType "team-tourn"]
[EventRounds "9"]
[EventCountry "GER"]
[SourceTitle "EXT 2023"]
[Source "ChessBase"]
[SourceDate "2022.10.05"]
[SourceVersion "1"]
[SourceVersionDate "2022.10.05"]
[SourceQuality "1"]
[WhiteTeam "Erkenschwick"]
[BlackTeam "Siegburg"]
[WhiteTeamCountry "GER"]
[BlackTeamCountry "GER"]

1. e4 c5 2. c3 b6 3. d4 Bb7 4. Bd3 cxd4 5. cxd4 Nc6 6. Nf3 Nb4 7. Nc3 Nxd3+ 8. Qxd3 g6 9. 0-0 Bg7 10. d5 d6 11. Be3 Nf6 12. Rac1 0-0 13. Rfd1 Nd7 14. Bd4 Bh6 15. Be3 Bg7 16. Bd4 Bh6 17. Be3 1/2-1/2

[Event "Oberliga NRW 2122"]
[Site "Germany"]
[Date "2022.03.06"]
[Round "4.5"]
[White "Kolkin, Michail"]
[Black "Thiel, Thomas"]
[Result "1/2-1/2"]
[WhiteElo "2312"]
[BlackElo "2231"]
[PlyCount "139"]
[EventDate "2021.10.31"]
[EventType "team-tourn"]
[EventRounds "9"]
[EventCountry "GER"]
[SourceTitle "EXT 2023"]
[Source "ChessBase"]
[SourceDate "2022.10.05"]
[SourceVersion "1"]
[SourceVersionDate "2022.10.05"]
[SourceQuality "1"]
[WhiteTeam "Siegburg"]
[BlackTeam "Wattenscheid"]
[WhiteTeamCountry "GER"]
[BlackTeamCountry "GER"]

1. Nf3 Nf6 2. g3 g6 3. b3 Bg7 4. Bb2 0-0 5. Bg2 d6 6. d4 Nbd7 7. 0-0 e5 8. dxe5 Ng4 9. c4 Ngxe5 10. Nc3 Re8 11. Qd2 a5 12. Rad1 a4 13. Nxe5 Nxe5 14. c5 axb3 15. axb3 Be6 16. Qc2 Nc6 17. Na4 Nb4 18. Qd2 Bxb3 19. Bxg7 Bxd1 20. Qxd1 dxc5 21. Qb3 Kxg7 22. Nxc5 Na6 23. Nxb7 Qf6 24. Qc4 Rab8 25. Bc6 Re6 26. Rc1 Nb4 27. Bf3 Qb2 28. Qxc7 Na6 29. Qc3+ Qxc3 30. Rxc3 Rb6 31. Na5 Rb1+ 32. Kg2 Rd1 33. Nb7 Rb1 34. Na5 R8b5 35. Nc6 Rc5 36. Ra3 Nb4 37. Nd4 Rc4 38. e3 Rb2 39. Bd1 Rd2 40. Bb3 Rc3 41. Ra7 Rxd4 42. Rxf7+ Kg8 43. Rf4+ Rxb3 44. Rxd4 Nc6 45. Rd7 Ne5 46. Re7 Nd3 47. Rd7 Ne1+ 48. Kf1 Nf3 49. Rd8+ Kg7 50. Rd7+ Kh6 51. h4 Ne5 52. Re7 Ng4 53. Rf7 Rb2 54. Kg1 Ne5 55. Re7 Nd3 56. Rf7 g5 57. hxg5+ Kg6 58. Rf8 Kxg5 59. Kg2 h5 60. Rf7 Ne5 61. Rf8 Ng4 62. Kg1 Ra2 63. Rf7 Kg6 64. Rf4 Ra6 65. Kg2 Ra5 66. Kg1 Rf5 67. Rxf5 Kxf5 68. f3 Nxe3 69. g4+ hxg4 70. fxg4+ 1/2-1/2

[Event "BEL-chT 2122"]
[Site "Belgium"]
[Date "2021.11.21"]
[Round "2.6"]
[White "Decoster, Frederic"]
[Black "Kolkin, Michail"]
[Result "1/2-1/2"]
[WhiteElo "2291"]
[BlackElo "2314"]
[PlyCount "77"]
[EventDate "2021.10.24"]
[EventType "team-tourn"]
[EventRounds "11"]
[EventCountry "BEL"]
[SourceTitle "EXT 2023"]
[Source "ChessBase"]
[SourceDate "2022.10.05"]
[SourceVersion "1"]
[SourceVersionDate "2022.10.05"]
[SourceQuality "1"]
[WhiteTeam "KBSK Brugge"]
[BlackTeam "Tal"]
[WhiteTeamCountry "BEL"]
[BlackTeamCountry "BEL"]

1. e4 c5 2. Nf3 Nc6 3. d4 cxd4 4. Nxd4 d5 5. Nc3 dxe4 6. Nxc6 Qxd1+ 7. Kxd1 bxc6 8. Nxe4 Nf6 9. Bd3 Nxe4 10. Bxe4 Bd7 11. Be3 e5 12. c3 Bd6 13. f3 Bc7 14. Kc2 Bb6 15. Rhe1 Bxe3 16. Rxe3 0-0-0 17. Rd1 Kc7 18. h4 h6 19. Bd3 f6 20. Bg6 Be8 21. Bxe8 Rxd1 22. Kxd1 Rxe8 23. Re4 h5 24. Ra4 Kb6 25. Ke2 a5 26. Rc4 c5 27. a4 Re6 28. b4 cxb4 29. cxb4 axb4 30. Rxb4+ Kc5 31. Rb7 g6 32. Ke3 Ra6 33. Rg7 f5 34. g3 Kd5 35. Rg8 Rxa4 36. Rxg6 f4+ 37. gxf4 Rxf4 38. Rh6 Rxh4 39. Kf2 1/2-1/2

[Event "BEL-chT 2122"]
[Site "Belgium"]
[Date "2021.10.24"]
[Round "1.5"]
[White "Michalczak, Thomas"]
[Black "Kolkin, Michail"]
[Result "1/2-1/2"]
[WhiteElo "2227"]
[BlackElo "2314"]
[PlyCount "32"]
[EventDate "2021.10.24"]
[EventType "team-tourn"]
[EventRounds "11"]
[EventCountry "BEL"]
[SourceTitle "EXT 2023"]
[Source "ChessBase"]
[SourceDate "2022.10.05"]
[SourceVersion "1"]
[SourceVersionDate "2022.10.05"]
[SourceQuality "1"]
[WhiteTeam "KSK47 Eynatten"]
[BlackTeam "Tal"]
[WhiteTeamCountry "BEL"]
[BlackTeamCountry "BEL"]

1. e4 c5 2. Nf3 Nc6 3. d4 cxd4 4. Nxd4 d5 5. Bb5 dxe4 6. Nxc6 Qxd1+ 7. Kxd1 a6 8. Ba4 Bd7 9. Nc3 Bxc6 10. Bxc6+ bxc6 11. Nxe4 e5 12. Bd2 f5 13. Ng3 g5 14. Re1 Bg7 15. Bc3 Nh6 16. Ke2 0-0 1/2-1/2

[Event "Oberliga NRW 1819"]
[Site "Germany"]
[Date "2019.03.17"]
[Round "7.6"]
[White "Sonnenschein, Philipp"]
[Black "Kolkin, Michail"]
[Result "1-0"]
[WhiteElo "2179"]
[BlackElo "2313"]
[PlyCount "99"]
[EventDate "2018.09.16"]
[EventType "team-tourn"]
[EventRounds "9"]
[EventCountry "GER"]
[SourceTitle "EXT 2020"]
[Source "ChessBase"]
[SourceDate "2019.10.17"]
[SourceVersion "1"]
[SourceVersionDate "2019.10.17"]
[SourceQuality "1"]
[WhiteTeam "Dinslaken"]
[BlackTeam "Siegburg"]
[WhiteTeamCountry "GER"]
[BlackTeamCountry "GER"]

1. e4 c5 2. Nf3 Nc6 3. d4 cxd4 4. Nxd4 e5 5. Nb5 d6 6. N1c3 a6 7. Na3 b5 8. Nd5 Nge7 9. c4 Nd4 10. cxb5 Nxd5 11. exd5 Be7 12. Be3 0-0 13. Bd3 Nxb5 14. Nxb5 axb5 15. 0-0 Bd7 16. Qb3 f5 17. f4 Bf6 18. fxe5 Bxe5 19. Bf4 Qb6+ 20. Kh1 Ra4 21. Bxe5 dxe5 22. Rae1 Qd6 23. a3 Rd4 24. Rd1 b4 25. Bc4 Rh4 26. g3 Ba4 27. Qxa4 Rxc4 28. Qb3 Re4 29. axb4 Rxb4 30. Qc3 g6 31. Rf2 Rfb8 32. Rc2 R4b6 33. Rdd2 Rd8 34. Qa5 Qb8 35. Rc6 Rd6 36. Rdc2 Rbxc6 37. Rxc6 Qd8 38. Qa6 Qg5 39. Rxd6 Qc1+ 40. Kg2 Qd2+ 41. Kf1 Qd1+ 42. Kf2 Qc2+ 43. Ke3 Qc1+ 44. Kd3 e4+ 45. Kd4 Qxb2+ 46. Kc5 Qf2+ 47. Kc6 Qc2+ 48. Kb7 e3 49. Rd7 Qb2+ 50. Ka8 1-0

[Event "NRW Class2 1718"]
[Site "Germany"]
[Date "2018.02.18"]
[Round "6.4"]
[White "Kolkin, Michail"]
[Black "Schleining, Zoya"]
[Result "1/2-1/2"]
[WhiteElo "2311"]
[BlackElo "2376"]
[PlyCount "91"]
[EventDate "2017.09.17"]
[EventType "team-tourn"]
[EventRounds "9"]
[EventCountry "GER"]
[SourceTitle "EXT 2019"]
[Source "ChessBase"]
[SourceDate "2018.10.10"]
[SourceVersion "1"]
[SourceVersionDate "2018.10.10"]
[SourceQuality "1"]
[WhiteTeam "Siegburg"]
[BlackTeam "Letmathe"]
[WhiteTeamCountry "GER"]
[BlackTeamCountry "GER"]

1. Nf3 Nf6 2. g3 g6 3. b3 Bg7 4. Bb2 d6 5. d4 c5 6. Bg2 cxd4 7. Nxd4 d5 8. 0-0 0-0 9. c4 dxc4 10. bxc4 Qb6 11. Qc1 Nfd7 12. Nb3 Bxb2 13. Qxb2 Na6 14. Nc3 Qf6 15. Rab1 Nb6 16. Na5 Nc5 17. Qa3 Be6 18. Qxc5 Qxc3 19. Bxb7 Rab8 20. Bf3 Nxc4 21. Nc6 Rxb1 22. Rxb1 Kg7 23. Nxe7 Rd8 24. Nd5 Bxd5 25. Bxd5 Qe5 26. Qxc4 Qxd5 27. Qxd5 Rxd5 28. Rb2 Ra5 29. e3 h5 30. Kg2 Kf6 31. Kf3 g5 32. h3 Ra4 33. Rc2 g4+ 34. Kg2 Kg6 35. h4 Ra5 36. Kf1 Kf5 37. Ke2 Ra3 38. Kd2 Ke4 39. Ke2 Ra4 40. Rb2 f5 41. Rd2 Ra3 42. Kf1 Ra4 43. Kg2 a5 44. Rd8 Rxa2 45. Re8+ Kd3 46. Rh8 1/2-1/2

[Event "NRW Class2 1718"]
[Site "Germany"]
[Date "2017.12.17"]
[Round "4.5"]
[White "Schulze, Marc Andre"]
[Black "Kolkin, Michail"]
[Result "1/2-1/2"]
[WhiteElo "2153"]
[BlackElo "2311"]
[PlyCount "85"]
[EventDate "2017.09.17"]
[EventType "team-tourn"]
[EventRounds "9"]
[EventCountry "GER"]
[SourceTitle "EXT 2019"]
[Source "ChessBase"]
[SourceDate "2018.10.10"]
[SourceVersion "1"]
[SourceVersionDate "2018.10.10"]
[SourceQuality "1"]
[WhiteTeam "Plettenberg"]
[BlackTeam "Siegburg"]
[WhiteTeamCountry "GER"]
[BlackTeamCountry "GER"]

1. d4 d5 2. Bf4 Nf6 3. Nf3 e6 4. e3 Bd6 5. Bg3 c5 6. c3 Nc6 7. Nbd2 Bxg3 8. hxg3 Qd6 9. Bd3 h6 10. Qe2 Bd7 11. dxc5 Qxc5 12. e4 dxe4 13. Nxe4 Nxe4 14. Bxe4 Rd8 15. 0-0 0-0 16. Rfd1 Bc8 17. Rxd8 Rxd8 18. Rd1 Rxd1+ 19. Qxd1 g6 20. Bxc6 Qxc6 21. Qd8+ Kg7 22. Ne5 Qd5 23. Qxd5 exd5 24. Kf1 Kf6 25. Nf3 Bf5 26. Nd4 Bd7 27. Ke2 Ke5 28. Ke3 Kd6 29. Nb3 Bb5 30. Nd2 b6 31. Kd4 h5 32. Nf3 Bf1 33. Ne5 Ke6 34. Nd3 Bxd3 35. Kxd3 Ke5 36. a4 a6 37. b4 b5 38. axb5 axb5 39. Ke3 f6 40. Kd3 Ke6 41. Kd4 Kd6 42. Kd3 Ke6 43. Kd4 1/2-1/2

[Event "Unna op"]
[Site "Unna"]
[Date "2016.12.30"]
[Round "7"]
[White "Tkachuk, Sergij"]
[Black "Kolkin, Michail"]
[Result "1/2-1/2"]
[WhiteElo "2102"]
[BlackElo "2315"]
[PlyCount "23"]
[EventDate "2016.12.27"]
[EventType "swiss"]
[EventRounds "7"]
[EventCountry "GER"]
[SourceTitle "EXT 2018"]
[Source "ChessBase"]
[SourceDate "2017.10.13"]
[SourceVersion "1"]
[SourceVersionDate "2017.10.13"]
[SourceQuality "1"]

1. Nf3 Nf6 2. g3 g6 3. Bg2 Bg7 4. 0-0 0-0 5. d3 d5 6. c3 c5 7. Qc2 Nc6 8. a4 b6 9. Re1 Bb7 10. Na3 Qd7 11. e4 e6 12. e5 1/2-1/2

[Event "Mittelrhein Regionalliga 16/17"]
[Site "Nordrheinwestfalen"]
[Date "2016.10.23"]
[Round "3.4"]
[White "Bopp, Thomas"]
[Black "Kolkin, Michail"]
[Result "1/2-1/2"]
[WhiteElo "2134"]
[BlackElo "2315"]
[PlyCount "94"]
[EventDate "2016.09.11"]
[EventType "team-tourn"]
[EventRounds "11"]
[EventCountry "GER"]
[SourceTitle "EXT 2022"]
[Source "ChessBase"]
[SourceDate "2021.10.06"]
[SourceVersion "1"]
[SourceVersionDate "2021.10.06"]
[SourceQuality "1"]
[WhiteTeam "Godesberg II"]
[BlackTeam "Siegburg"]
[WhiteTeamCountry "GER"]
[BlackTeamCountry "GER"]

1. Nf3 c5 2. c4 Nc6 3. e3 Nf6 4. Nc3 d5 5. cxd5 Nxd5 6. Bb5 Nxc3 7. bxc3 Qc7 8. 0-0 e6 9. d4 Be7 10. Ne5 0-0 11. Nxc6 bxc6 12. Bd3 cxd4 13. cxd4 c5 14. Qc2 g6 15. Ba3 Bd6 16. h3 Bb7 17. Bxc5 Bxc5 18. Qxc5 Qxc5 19. dxc5 Rfd8 20. Rfd1 Rac8 21. Rac1 Rd5 22. Be2 Rdxc5 23. Rxc5 Rxc5 24. Rd8+ Kg7 25. Rd7 Bd5 26. Rxa7 Rc1+ 27. Kh2 Rc2 28. Bf3 Bxf3 29. gxf3 Rxf2+ 30. Kg3 Re2 31. e4 g5 32. h4 gxh4+ 33. Kxh4 Rg2 34. f4 Re2 35. e5 Kg6 36. a4 Rg2 37. Kh3 Rg1 38. a5 h5 39. a6 Ra1 40. Kg3 Ra3+ 41. Kf2 h4 42. Kg2 Ra4 43. Kf3 h3 44. Kg3 Ra3+ 45. Kh2 f6 46. Ra8 fxe5 47. a7 Kh7 1/2-1/2

[Event "Mittelrhein Regionalliga 16/17"]
[Site "Nordrheinwestfalen"]
[Date "2016.09.11"]
[Round "1.3"]
[White "Kolkin, Michail"]
[Black "Spiekermann, Thomas"]
[Result "1-0"]
[WhiteElo "2315"]
[BlackElo "1958"]
[PlyCount "73"]
[EventDate "2016.09.11"]
[EventType "team-tourn"]
[EventRounds "11"]
[EventCountry "GER"]
[SourceTitle "EXT 2022"]
[Source "ChessBase"]
[SourceDate "2021.10.06"]
[SourceVersion "1"]
[SourceVersionDate "2021.10.06"]
[SourceQuality "1"]
[WhiteTeam "Siegburg"]
[BlackTeam "Dormagen SV"]
[WhiteTeamCountry "GER"]
[BlackTeamCountry "GER"]

1. e4 c5 2. c3 d5 3. exd5 Nf6 4. Bb5+ Bd7 5. Bxd7+ Qxd7 6. c4 e6 7. Qe2 Bd6 8. Nf3 0-0 9. dxe6 fxe6 10. Nc3 Nc6 11. d3 Rad8 12. Bg5 Be7 13. Rd1 Nh5 14. 0-0 h6 15. Bxe7 Qxe7 16. Qe4 Rf4 17. Qg6 Rf5 18. Rfe1 Nf4 19. Qxf5 exf5 20. Rxe7 Nxe7 21. d4 cxd4 22. Rxd4 Rxd4 23. Nxd4 Nd3 24. b3 a6 25. Kf1 Kf7 26. g3 Kf6 27. Ke2 Ne5 28. f4 Nf7 29. Kd3 g5 30. c5 gxf4 31. gxf4 Nd8 32. Kc4 Ne6 33. Nxe6 Kxe6 34. Ne2 Ng6 35. b4 Nh4 36. a4 Nf3 37. Nd4+ 1-0

[Event "Mittelrhein Verbandsliga-O 15/16"]
[Site "Nordrheinwestfalen"]
[Date "2016.05.01"]
[Round "11"]
[White "Sanders, Frank"]
[Black "Kolkin, Michail"]
[Result "0-1"]
[WhiteElo "1982"]
[BlackElo "2315"]
[PlyCount "70"]
[EventDate "2015.09.06"]
[EventType "team-tourn"]
[EventRounds "11"]
[EventCountry "GER"]
[SourceTitle "EXT 2022"]
[Source "ChessBase"]
[SourceDate "2021.10.06"]
[SourceVersion "1"]
[SourceVersionDate "2021.10.06"]
[SourceQuality "1"]
[WhiteTeam "Lohmar"]
[BlackTeam "Siegburg"]
[WhiteTeamCountry "GER"]
[BlackTeamCountry "GER"]

1. e4 e5 2. Nf3 Nc6 3. Bc4 Bc5 4. b4 d5 5. exd5 Nxb4 6. 0-0 Bg4 7. Re1 Bxf3 8. Qxf3 Qf6 9. Qxf6 Nxf6 10. Rxe5+ Kd8 11. Na3 Bxf2+ 12. Kxf2 Ng4+ 13. Kg3 Nxe5 14. Bb3 a5 15. d4 a4 16. dxe5 axb3 17. axb3 Nxd5 18. Bb2 Kc8 19. Rf1 f6 20. c4 Nb4 21. exf6 gxf6 22. Rf3 Rd8 23. Bc3 Rxa3 24. Bxb4 Ra2 25. Kh3 Rg8 26. g4 Rg6 27. Kg3 h5 28. h3 hxg4 29. hxg4 Re2 30. Bc3 Re4 31. Bxf6 Rexg4+ 32. Kf2 Rg2+ 33. Ke3 R2g3 34. Be5 Rxf3+ 35. Kxf3 Rb6 0-1

[Event "Unna op"]
[Site "Unna"]
[Date "2015.12.30"]
[Round "7"]
[White "Tkachuk, Konstantyn"]
[Black "Kolkin, Michail"]
[Result "1/2-1/2"]
[WhiteElo "2259"]
[BlackElo "2356"]
[PlyCount "41"]
[EventDate "2015.12.27"]
[EventType "swiss"]
[EventRounds "7"]
[EventCountry "GER"]
[SourceTitle "EXT 2018"]
[Source "ChessBase"]
[SourceDate "2017.10.13"]
[SourceVersion "1"]
[SourceVersionDate "2017.10.13"]
[SourceQuality "1"]

1. Nf3 Nf6 2. g3 b6 3. Bg2 Bb7 4. 0-0 c5 5. b3 g6 6. Bb2 Bg7 7. d3 0-0 8. e3 d6 9. Nbd2 Nbd7 10. Qe2 a6 11. Nh4 Bxg2 12. Nxg2 e6 13. e4 Ne8 14. Bxg7 Nxg7 15. f4 f5 16. Rae1 b5 17. c4 Nb6 18. Nh4 Ra7 19. Nhf3 Rc7 20. Qf2 h6 21. Re2 1/2-1/2

[Event "Unna op"]
[Site "Unna"]
[Date "2015.12.29"]
[Round "6"]
[White "Kolkin, Michail"]
[Black "Henrichs, Thomas"]
[Result "1-0"]
[WhiteElo "2356"]
[BlackElo "2417"]
[PlyCount "108"]
[EventDate "2015.12.27"]
[EventType "swiss"]
[EventRounds "7"]
[EventCountry "GER"]
[SourceTitle "EXT 2018"]
[Source "ChessBase"]
[SourceDate "2017.10.13"]
[SourceVersion "1"]
[SourceVersionDate "2017.10.13"]
[SourceQuality "1"]

1. Nf3 g6 2. e4 Bg7 3. d4 d6 4. Nc3 Nf6 5. Be2 0-0 6. 0-0 e6 7. h3 a6 8. a4 b6 9. e5 dxe5 10. Nxe5 Bb7 11. Bf3 Qc8 12. Bg5 Nfd7 13. Nc4 Nc6 14. Bxc6 Bxc6 15. Qd2 Qb7 16. f3 Rfe8 17. Rad1 Qa7 18. Rfe1 e5 19. Nxe5 Nxe5 20. dxe5 Rxe5 21. Rxe5 Bxe5 22. Bf4 b5+ 23. Kh1 Qc5 24. Bxe5 Qxe5 25. Qd4 Re8 26. axb5 axb5 27. Qxe5 Rxe5 28. b4 Kg7 29. Kg1 Re3 30. Nd5 Re2 31. c3 Rc2 32. Rd3 Bxd5 33. Rxd5 Rxc3 34. Rxb5 Rc2 35. Rb7 Kf6 36. b5 Ke6 37. b6 c5 38. Rc7 Kd5 39. Rxf7 Rb2 40. Rd7+ Ke5 41. b7 c4 42. Kh2 c3 43. Kg3 g5 44. h4 g4 45. fxg4 Ke4 46. Rc7 Kd3 47. Rd7+ Ke3 48. Rxh7 c2 49. Rc7 Kd2 50. g5 Rxb7 51. Rxc2+ Kxc2 52. h5 Kd3 53. g6 Ke4 54. h6 Rb8 1-0

[Event "Mittelrhein Verbandsliga Ost 1415"]
[Site "Mittelrhein"]
[Date "2014.11.09"]
[Round "4.2"]
[White "Pejkovic, Patrick Slavko"]
[Black "Kolkin, Michail"]
[Result "0-1"]
[WhiteElo "2030"]
[BlackElo "2312"]
[PlyCount "76"]
[EventDate "2014.09.07"]
[EventType "team-tourn"]
[EventRounds "11"]
[EventCountry "GER"]
[SourceTitle "EXT 2023"]
[Source "ChessBase"]
[SourceDate "2022.10.05"]
[SourceVersion "1"]
[SourceVersionDate "2022.10.05"]
[SourceQuality "1"]
[WhiteTeam "Langenfeld II"]
[BlackTeam "Siegburg"]
[WhiteTeamCountry "GER"]
[BlackTeamCountry "GER"]

1. e4 c5 2. f4 Nc6 3. Nf3 d5 4. exd5 Qxd5 5. Nc3 Qe6+ 6. Qe2 Qxe2+ 7. Bxe2 Bd7 8. 0-0 e6 9. Nb5 Rc8 10. c3 a6 11. Na3 Bd6 12. Nc4 Bc7 13. Nce5 Nxe5 14. Nxe5 Bxe5 15. fxe5 Ne7 16. d3 Ng6 17. Bf4 Nxf4 18. Rxf4 Bc6 19. Raf1 0-0 20. Bh5 Rc7 21. d4 Bb5 22. Rd1 Rd8 23. dxc5 Rxd1+ 24. Bxd1 Rxc5 25. Bf3 g5 26. Rd4 Rxe5 27. a4 Bc6 28. Bxc6 bxc6 29. Rd6 Rc5 30. Kf2 Kf8 31. Rd8+ Ke7 32. Rh8 Rc4 33. Rc8 Kd6 34. Rd8+ Ke5 35. Rc8 f5 36. Ke3 h5 37. Rh8 h4 38. h3 Rxa4 0-1

[Event "Mittelrhein Verbandsliga Ost 1415"]
[Site "Mittelrhein"]
[Date "2014.10.19"]
[Round "3.1"]
[White "Kremser, Michael"]
[Black "Kolkin, Michail"]
[Result "0-1"]
[WhiteElo "2088"]
[BlackElo "2312"]
[PlyCount "75"]
[EventDate "2014.09.07"]
[EventType "team-tourn"]
[EventRounds "11"]
[EventCountry "GER"]
[SourceTitle "EXT 2023"]
[Source "ChessBase"]
[SourceDate "2022.10.05"]
[SourceVersion "1"]
[SourceVersionDate "2022.10.05"]
[SourceQuality "1"]
[WhiteTeam "Koeln Porz III"]
[BlackTeam "Siegburg"]
[WhiteTeamCountry "GER"]
[BlackTeamCountry "GER"]

1. d4 Nf6 2. c4 g6 3. Nc3 d5 4. cxd5 Nxd5 5. e4 Nxc3 6. bxc3 Bg7 7. Bc4 0-0 8. Ne2 c5 9. 0-0 Nc6 10. Be3 Qc7 11. Rc1 Rd8 12. Qd2 b6 13. Rfd1 Bb7 14. f4 e6 15. Qe1 Na5 16. Bd3 f5 17. e5 c4 18. Bc2 Bd5 19. Rb1 Nc6 20. Bf2 Rdb8 21. Bh4 Ne7 22. Ng3 Bc6 23. Bxe7 Qxe7 24. Nf1 Bh6 25. g3 g5 26. Ne3 gxf4 27. d5 fxe3 28. dxc6 Qc5 29. Qe2 Rd8 30. Rb4 b5 31. Rxd8+ Rxd8 32. c7 Rc8 33. a4 a6 34. axb5 axb5 35. Rb1 Qxe5 36. Rd1 Qxc7 37. Qh5 Bg7 38. Rd4 0-1

[Event "Mittelrhein Verbandsliga Ost 1314"]
[Site "Mittelrhein"]
[Date "2014.04.06"]
[Round "9.1"]
[White "Kolkin, Michail"]
[Black "Koenig, Christian"]
[Result "1-0"]
[WhiteElo "2299"]
[BlackElo "2007"]
[PlyCount "57"]
[EventDate "2013.09.15"]
[EventType "team-tourn"]
[EventRounds "11"]
[EventCountry "GER"]
[SourceTitle "EXT 2023"]
[Source "ChessBase"]
[SourceDate "2022.10.05"]
[SourceVersion "1"]
[SourceVersionDate "2022.10.05"]
[SourceQuality "1"]
[WhiteTeam "Siegburg"]
[BlackTeam "Lohmar"]
[WhiteTeamCountry "GER"]
[BlackTeamCountry "GER"]

1. Nf3 b6 2. g3 Bb7 3. Bg2 g6 4. c4 Bg7 5. Nc3 c5 6. e4 Nc6 7. 0-0 d6 8. d3 Qd7 9. h3 Nf6 10. Be3 0-0 11. Qd2 e5 12. Nh4 Nd4 13. Ne2 Ne8 14. f4 f5 15. Rae1 fxe4 16. dxe4 Bf6 17. Nc3 Ng7 18. Nf3 Nh5 19. Kh2 Rae8 20. fxe5 dxe5 21. Nd5 Bd8 22. Bh6 Rf7 23. Ng5 Bxg5 24. Qxg5 Bxd5 25. cxd5 Rxf1 26. Rxf1 Ne2 27. Rf3 Nhxg3 28. Rxg3 Nxg3 29. Kxg3 1-0

[Event "Mittelrhein Verbandsliga Ost 1314"]
[Site "Mittelrhein"]
[Date "2014.03.09"]
[Round "8.1"]
[White "Vladimirow, Anguel"]
[Black "Kolkin, Michail"]
[Result "0-1"]
[WhiteElo "1892"]
[BlackElo "2299"]
[PlyCount "92"]
[EventDate "2013.09.15"]
[EventType "team-tourn"]
[EventRounds "11"]
[EventCountry "GER"]
[SourceTitle "EXT 2023"]
[Source "ChessBase"]
[SourceDate "2022.10.05"]
[SourceVersion "1"]
[SourceVersionDate "2022.10.05"]
[SourceQuality "1"]
[WhiteTeam "Bruehl II"]
[BlackTeam "Siegburg"]
[WhiteTeamCountry "GER"]
[BlackTeamCountry "GER"]

1. e4 c5 2. f4 Nc6 3. Nf3 g6 4. c3 d5 5. e5 Bg4 6. Be2 f6 7. d4 Qb6 8. Nbd2 cxd4 9. Nxd4 Bxe2 10. Qxe2 Nxd4 11. cxd4 e6 12. Nb3 Bg7 13. 0-0 Ne7 14. Bd2 a5 15. Bc3 f5 16. Nc5 Kf7 17. a3 Qa7 18. Qb5 b6 19. Na4 Rab8 20. Rfc1 Rhd8 21. b4 Qd7 22. Qxd7 Rxd7 23. bxa5 bxa5 24. Bxa5 Ra7 25. Bc7 Rc8 26. Nb6 Rcxc7 27. a4 Rxc1+ 28. Rxc1 Ra6 29. Rb1 Bh6 30. g3 g5 31. Kf2 gxf4 32. Kf3 fxg3 33. hxg3 Nc6 34. g4 Nxd4+ 35. Kg3 Bg7 36. Nd7 Ra7 37. Nc5 Bxe5+ 38. Kh4 Bd6 39. Rb7+ Rxb7 40. Nxb7 Be7+ 41. Kg3 fxg4 42. Kxg4 Nb3 43. a5 Nc5 44. Kf3 Nxb7 45. a6 Bc5 46. axb7 Bd6 0-1

[Event "Mittelrhein Verbandsliga Ost 1314"]
[Site "Mittelrhein"]
[Date "2014.02.09"]
[Round "7.2"]
[White "Luett, Michael"]
[Black "Kolkin, Michail"]
[Result "0-1"]
[WhiteElo "2026"]
[BlackElo "2299"]
[PlyCount "36"]
[EventDate "2013.09.15"]
[EventType "team-tourn"]
[EventRounds "11"]
[EventCountry "GER"]
[SourceTitle "EXT 2023"]
[Source "ChessBase"]
[SourceDate "2022.10.05"]
[SourceVersion "1"]
[SourceVersionDate "2022.10.05"]
[SourceQuality "1"]
[WhiteTeam "Troisdorf"]
[BlackTeam "Siegburg"]
[WhiteTeamCountry "GER"]
[BlackTeamCountry "GER"]

1. e4 e5 2. Nf3 Nc6 3. Bc4 Nf6 4. Ng5 d5 5. exd5 Nd4 6. c3 b5 7. Bf1 Nxd5 8. Ne4 Qh4 9. Bxb5+ Nxb5 10. Qa4 Nf4 11. Qxb5+ Bd7 12. Qxe5+ Be7 13. g3 Nd3+ 14. Ke2 Nxe5 15. gxh4 Bc6 16. Ng3 Bf3+ 17. Ke3 Bxh4 18. Rg1 Bg5+ 0-1

[Event "Paderborn op 10th"]
[Site "Paderborn"]
[Date "2013.12.30"]
[Round "7"]
[White "Braun, Christian1111"]
[Black "Kolkin, Michail"]
[Result "1-0"]
[WhiteElo "2359"]
[BlackElo "2296"]
[PlyCount "48"]
[EventDate "2013.12.27"]
[EventType "swiss"]
[EventRounds "7"]
[EventCountry "GER"]
[SourceTitle "CBM 158 Extra"]
[Source "ChessBase"]
[SourceDate "2014.02.28"]
[SourceVersion "1"]
[SourceVersionDate "2014.02.28"]
[SourceQuality "1"]

1. e4 c5 2. Nf3 Nc6 3. Nc3 e5 4. Bc4 Be7 5. d3 d6 6. Nd2 Bg5 7. h4 Bh6 8. Nf1 Bxc1 9. Qxc1 Nf6 10. Ne3 Be6 11. Ncd5 Na5 12. Bb5+ Kf8 13. Nxf6 Qxf6 14. Qd2 Qd8 15. c3 a6 16. Bc4 Nxc4 17. dxc4 b5 18. 0-0-0 Ke7 19. f4 f6 20. g4 Rb8 21. g5 Rb6 22. Rhg1 Rg8 23. gxf6+ gxf6 24. f5 Ke8 1-0